000 01003nam a22002537a 4500
005 20240530110907.0
008 220302s2007 le g b 000 0 ara d
020 _a9789953821313
040 _aEG-CaGPL
_cEG-CaGPL
082 0 4 _221
_a320.09211/
_bف ر
100 0 _aفريد العليبى
245 1 0 _aرؤية ابن رشد السياسية /
_cفريد العليبى
250 _aط.1
260 _aبيروت :
_bمركز دراسات الوحدة العربية،
_c2007.
300 _a350 ص. ؛
_c24 سم.
490 0 _aسلسلة اطروحات الدكتوراه ؛
_v64.
504 _aيشتمل على ارجاعات ببليوجرافية
600 1 _aابن رشد، ابو الوليد محمد بن احمد بن محمد الاندلسى المالكى
650 0 7 _2qrmak
_aالعلوم السياسية
_xفلسفة ونظريات
650 0 7 _2qrmak
_aالنظم السياسية
651 _2qrmak
942 _2ddc
_cBK
999 _c66239
_d66239